Study and analysis of combined loading on stress concentration factor "Kt" (Record no. 322867)

000 -LEADER
fixed length control field 00402 a2200133 4500
001 - CONTROL NUMBER
control field 87794
082 ## - DEWEY DECIMAL CLASSIFICATION NUMBER
Classification number PR 171
090 ## - LOCALLY ASSIGNED LC-TYPE CALL NUMBER (OCLC); LOCAL CALL NUMBER (RLIN)
-- 41255
-- 41255
100 ## - MAIN ENTRY--PERSONAL NAME
Personal name Abdul Wahab, Plt Off 15658 71 EC
245 ## - TITLE STATEMENT
Title Study and analysis of combined loading on stress concentration factor "Kt"
260 ## - PUBLICATION, DISTRIBUTION, ETC.
Place of publication, distribution, etc. Risalpur
Name of publisher, distributor, etc. NUST Risalpur
Date of publication, distribution, etc. 2011
300 ## - PHYSICAL DESCRIPTION
Extent v, 52p.
Accompanying material Taimur Qureshi, Wg Cdr (R)
500 ## - GENERAL NOTE
General note BE Project Reports
942 ## - ADDED ENTRY ELEMENTS (KOHA)
Institution code [OBSOLETE] CAE NUST
Call number prefix PR 171
Holdings
Withdrawn status Lost status Damaged status Not for loan Collection code Permanent Location Current Location Date acquired Total Checkouts Full call number Barcode Date last seen Price effective from Koha item type
          College of Aeronautical Engineering (CAE) College of Aeronautical Engineering (CAE) 04/03/2017   PR 171 CAEPR-171 04/05/2017 04/05/2017 Book
© 2023 Central Library, National University of Sciences and Technology. All Rights Reserved.